Geography Quiz

Random Geography or State Quiz

US outer states Quiz Stats

 Plays Quiz not verified by Sporcle

Challenge
Share
Tweet
Embed
Score 0/34 Timer 03:00
0 Plays Today
State % Correct
Washington
100%
Idaho
95.1%
Montana
94.4%
North Dakota
93.3%
Minnesota
90.9%
Michigan
90.2%
Wisconsin
89.4%
Ohio
86.6%
Maine
85.2%
New York
85%
Vermont
84.8%
Pennsylvania
84.1%
New Hampshire
84.1%
Massachusetts
70.1%
Rhode Island
69.7%
Connecticut
68.3%
New Jersey
67.9%
State % Correct
North Carolina
67.2%
Virginia
67.1%
South Carolina
67.1%
Maryland
67%
Delaware
66.8%
New York
66.3%
Florida
66%
Georgia
65.9%
New Hampshire
65%
Alabama
64.6%
Louisiana
63.9%
Mississippi
63.9%
Texas
63.9%
New Mexico
62.8%
California
62%
Arizona
61.8%
Oregon
61.5%

You're not logged in!

Compare scores with friends on all Sporcle quizzes.
Join for Free
OR
Log In

You Might Also Like...

Show Comments

Extras

Top Quizzes Today


Score Distribution

Your Account Isn't Verified!

In order to create a playlist on Sporcle, you need to verify the email address you used during registration. Go to your Sporcle Settings to finish the process.

Report this User

Report this user for behavior that violates our Community Guidelines.

Details: